000 00484nam a2200133 4500
999 _c14201
_d14201
008 190904b ||||| |||| 00| 0 eng d
082 _aDPer 050 T48 Apr-June 2016 v. 187 n. 12-24
100 _939359
_aDockterman, Eliana.
245 _aGame of thrones' Sophie Turner is no victim in apocalypse/
_cEliana Dockterman.
260 _aHong Kong:
_bTime Asia,
_cc2016.
300 _av187 n20, pages 41-42:
_billustrations;
_c27 cm.
650 _aMotion picture play
_939843
942 _2ddc
_cPER